Stati tra 100 000 e 500 000 abitanti - Statistics

Statistiche generali
  • Questo quiz è stato fatto 8 volte
  • Il punteggio medio è 15 su 18
Statistiche sulle risposte
Popolazione (ab.) Continente Nazione % Corretto
178 696 America del Nord Saint Lucia
100%
100 179 Oceania Tonga
100%
301 295 Oceania Vanuatu
100%
100 772 America del Nord Antigua e Barbuda
86%
441 471 America del Nord Belize
86%
112 579 America del Nord Grenada
86%
120 740 Oceania Kiribati
86%
110 872 America del Nord Saint Vincent e Grenadine
86%
205 557 Oceania Samoa
86%
214 610 Africa São Tomé e Príncipe
86%
105 754 Oceania Stati Federati di Micronesia
86%
397 360 America del Nord Bahamas
71%
267 800 America del Nord Barbados
71%
445 400 Asia Brunei
71%
491 233 Africa Capo Verde
71%
396 960 Europa Islanda
71%
382 751 Asia Maldive
71%
100 447 Asia Seychelles
57%
Nessun quiz corrispondente trovato
Distribuzione punteggi
Percentuale di utenti per punteggio
Percentile per numero di risposta
I tuoi punteggi nel tempo
Non hai fatto questo quiz